| 000 | 00819nam a22002774a 4500 | ||
|---|---|---|---|
| 001 | UByD003862 | ||
| 003 | AR-LpoUNG | ||
| 005 | 20260109111011.0 | ||
| 008 | 250331s200u ag a b 000 1 spa d | ||
| 020 | _a9875033251 | ||
| 040 |
_aAR-LpoUNG _bspa _cAR-LpoUNG _eaacr |
||
| 041 | 1 | _aspa | |
| 082 | 0 | _a808.068 3 454gat | |
| 100 | 1 | _aPerrault, Charles | |
| 245 | 1 | 3 |
_aEl gato con botas : _bBarba azul |
| 260 |
_aBuenos Aires : _bLa Página, _c200?. |
||
| 300 |
_a32 p : _bil. |
||
| 490 | 0 |
_aLos grandes para los chicos ; _v21 |
|
| 505 | _aSugerido a partir de los 8 años (etiqueta CELESTE). | ||
| 650 | 4 | _aNarrativa | |
| 650 | 4 | _aLiteratura | |
| 653 | 0 | _aLiteratura infantil | |
| 700 | 1 |
_aRep, Miguel _eil. |
|
| 942 |
_2ddc _cLIB |
||
| 999 |
_c66554 _d66554 |
||